[Event "EIC 67 sf1 email"]
[Site "email"]
[Date "2005.09.01"]
[Round "?"]
[White "Bastianelli, Giancarlo"]
[Black "Markytan, Vladislav"]
[Result "0-1"]
[WhiteElo "2192"]
[BlackElo "2395"]
[PlyCount "102"]
[EventDate "2005.09.01"]
[EventType "tourn (corr)"]
[EventRounds "9"]
[SourceTitle "Corr 2024"]
[Source "ChessBase"]
[SourceDate "2023.10.19"]
[SourceVersion "1"]
[SourceVersionDate "2023.10.19"]
[SourceQuality "1"]

1. e4 e6 2. d4 d5 3. Nc3 Nf6 4. e5 Nfd7 5. f4 c5 6. Nf3 Nc6 7. Be3 a6 8. Qd2 b5 9. h4 Bb7 10. h5 h6 11. Be2 b4 12. Nd1 Be7 13. 0-0 Qb6 14. c3 0-0 15. f5 exf5 16. Bf2 Qd8 17. Ne3 Bg5 18. Nxg5 Qxg5 19. Bd1 Rfe8 20. Be1 Ncxe5 21. dxe5 bxc3 22. bxc3 Rxe5 23. Nc2 Nf6 24. Qxg5 hxg5 25. Rb1 Bc6 26. Na3 Re6 27. Bc2 f4 28. Bf2 Ne4 29. Bxe4 dxe4 30. Bxc5 e3 31. Rb4 Rc8 32. Bd4 Be4 33. Re1 Bd3 34. Rb7 f6 35. Rb4 Kh7 36. Rd1 Bf5 37. Nc4 Kh6 38. Nb6 Rb8 39. a4 Kxh5 40. a5 Rb7 41. Nd5 Rxb4 42. Nxb4 Rd6 43. Re1 Be4 44. Re2 f5 45. Kf1 Kg4 46. Kg1 Kg3 47. Kf1 g4 48. Kg1 g5 49. Kf1 Kh2 50. Ra2 g3 51. Re2 Kh1 0-1

[Event "EIC 67 sf1 email"]
[Site "email"]
[Date "2005.09.01"]
[Round "?"]
[White "Nitsche, Werner"]
[Black "Markytan, Vladislav"]
[Result "1/2-1/2"]
[WhiteElo "2459"]
[BlackElo "2395"]
[PlyCount "118"]
[EventDate "2005.09.01"]
[EventType "tourn (corr)"]
[EventRounds "9"]
[SourceTitle "Corr 2024"]
[Source "ChessBase"]
[SourceDate "2023.10.19"]
[SourceVersion "1"]
[SourceVersionDate "2023.10.19"]
[SourceQuality "1"]

1. d4 d5 2. c4 c6 3. Nf3 e6 4. Qc2 Nd7 5. g3 Bd6 6. Bg2 Ne7 7. 0-0 0-0 8. e4 dxe4 9. Qxe4 Nf6 10. Qe2 Nf5 11. Nc3 a5 12. Bg5 Be7 13. Rfd1 a4 14. Rab1 h6 15. Bf4 Nh5 16. Bc1 Nf6 17. h3 Bb4 18. a3 Bd6 19. g4 Ne7 20. Ne5 Bb8 21. Be3 Nd7 22. Qc2 Nb6 23. Ne2 Nd7 24. Rbc1 Qe8 25. Nc3 f5 26. Nxa4 Nxe5 27. dxe5 Bxe5 28. Nb6 Ra6 29. Bc5 Rf7 30. Qd3 Bc7 31. Nxc8 Qxc8 32. Qd7 Qxd7 33. Rxd7 Nc8 34. Rcd1 Nb6 35. Rxf7 Kxf7 36. b3 Ke8 37. Re1 e5 38. gxf5 Nd7 39. Bb4 c5 40. Bc3 Rxa3 41. Rb1 Nb6 42. Bd2 Nc8 43. f6 gxf6 44. Bxb7 Nd6 45. Bc6+ Ke7 46. Bxh6 Nf5 47. Bc1 Ra2 48. Kg2 Ba5 49. Be4 Nd4 50. Be3 Bc3 51. h4 f5 52. Bg5+ Kf7 53. Bd5+ Kg6 54. Be7 e4 55. Kh1 Rxf2 56. Rg1+ Kh6 57. Bxc5 Kh5 58. Rg3 Bb2 59. Rg2 Rf1+ 1/2-1/2

[Event "EIC 67 sf1 email"]
[Site "email"]
[Date "2005.09.01"]
[Round "?"]
[White "Sutkus, Vytautas"]
[Black "Markytan, Vladislav"]
[Result "1/2-1/2"]
[WhiteElo "2215"]
[BlackElo "2395"]
[PlyCount "62"]
[EventDate "2005.09.01"]
[EventType "tourn (corr)"]
[EventRounds "9"]
[SourceTitle "Corr 2024"]
[Source "ChessBase"]
[SourceDate "2023.10.19"]
[SourceVersion "1"]
[SourceVersionDate "2023.10.19"]
[SourceQuality "1"]

1. d4 d5 2. c4 c6 3. Nc3 e6 4. Nf3 Nd7 5. e4 dxe4 6. Nxe4 Ngf6 7. Bd3 Nxe4 8. Bxe4 c5 9. 0-0 Nf6 10. Bc2 cxd4 11. Nxd4 Be7 12. b3 0-0 13. Bb2 Qc7 14. Qf3 Bd7 15. Qh3 h6 16. Rfe1 Rfe8 17. Nf3 Red8 18. Ne5 Be8 19. Re2 Bc5 20. Ng4 Nxg4 21. Qxg4 f5 22. Qh3 Qf4 23. Rf1 Bf7 24. Bc1 Qg4 25. Qxg4 fxg4 26. Be4 Rd7 27. Be3 Rc8 28. Bxc5 Rxc5 29. Re3 g5 30. Rfe1 Kg7 31. Kf1 a5 1/2-1/2

[Event "CZE-Cup01 sf bd02 email"]
[Site "Czech email"]
[Date "2003.??.??"]
[Round "?"]
[White "Cakl, Miroslav"]
[Black "Markytan, Vladislav"]
[Result "0-1"]
[WhiteElo "1800"]
[BlackElo "1900"]
[PlyCount "97"]
[EventDate "2003.??.??"]
[EventType "tourn (corr)"]
[EventRounds "14"]
[EventCountry "CZE"]
[SourceTitle "Corr 2006"]
[Source "ChessBase"]
[SourceDate "2006.04.01"]
[SourceVersion "3"]
[SourceVersionDate "2006.04.01"]
[SourceQuality "1"]

1. e4 e6 2. d4 d5 3. Nc3 Nf6 4. Bg5 Be7 5. e5 Nfd7 6. Bxe7 Qxe7 7. Qg4 0-0 8. Nf3 c5 9. Bd3 h6 10. dxc5 Qxc5 11. 0-0 a6 12. Rfe1 Qc7 13. Re2 Nc6 14. Rae1 Rd8 15. Nb1 Nc5 16. Nd4 Qe7 17. Re3 Qg5 18. Qxg5 hxg5 19. Nxc6 bxc6 20. Nd2 a5 21. Rg3 Ba6 22. Bf1 a4 23. Rxg5 Rdb8 24. Rb1 Nd7 25. a3 Bxf1 26. Kxf1 c5 27. f4 c4 28. Rg3 Nc5 29. Ke2 Rb7 30. Kd1 Kh7 31. Re3 Rab8 32. Kc1 Kg6 33. h3 f5 34. Nf3 Kh5 35. Nd4 g5 36. fxg5 Kxg5 37. Rf3 Rb6 38. b4 cxb3 39. cxb3 Nd7 40. Rb2 Nxe5 41. Rc3 Nc4 42. Nxe6+ Kh6 43. bxc4 Rxb2 44. cxd5 Rxg2 45. Rc4 Ra2 46. Rxa4 Rbb2 47. Rd4 Rf2 48. Kb1 Rab2+ 49. Ka1 0-1

[Event "CZE-Cup01 sf bd02 email"]
[Site "Czech email"]
[Date "2003.??.??"]
[Round "?"]
[White "Holasek, Pavel"]
[Black "Markytan, Vladislav"]
[Result "0-1"]
[WhiteElo "1800"]
[BlackElo "1900"]
[PlyCount "94"]
[EventDate "2003.??.??"]
[EventType "tourn (corr)"]
[EventRounds "14"]
[EventCountry "CZE"]
[SourceTitle "Corr 2006"]
[Source "ChessBase"]
[SourceDate "2006.04.01"]
[SourceVersion "3"]
[SourceVersionDate "2006.04.01"]
[SourceQuality "1"]

1. e4 e6 2. d4 d5 3. Nc3 Nf6 4. Bg5 Be7 5. e5 Nfd7 6. h4 c5 7. Bxe7 Kxe7 8. dxc5 Nxe5 9. Qe2 Nec6 10. 0-0-0 Kf8 11. f4 Nd7 12. Nf3 Qc7 13. Qe3 Ne7 14. g4 Qxc5 15. Nd4 Nc6 16. Bg2 Nxd4 17. Rxd4 Nb6 18. Rhd1 Bd7 19. f5 Rc8 20. fxe6 fxe6 21. Qe5 Kg8 22. Rf1 h6 23. Rff4 Qc7 24. Qxc7 Rxc7 25. Rf2 Bc6 26. Rdf4 Kh7 27. Bf1 e5 28. Bd3+ e4 29. Bb5 g5 30. hxg5 hxg5 31. Rf5 Kg6 32. Rf6+ Kg7 33. Bxc6 Rh1+ 34. Kd2 Nc4+ 35. Ke2 bxc6 36. R6f5 Rc1 37. Rxg5+ Kh6 38. Rff5 Rxc2+ 39. Ke1 Nxb2 40. Ne2 Nd3+ 41. Kf1 Rf7 42. Rh5+ Kg7 43. Rh7+ Kxh7 44. Rxf7+ Kh6 45. Rxa7 c5 46. a4 d4 47. a5 Nc1 0-1